Securing an urban renaissance (Record no. 4034)
[ view plain ]
| 000 -LEADER | |
|---|---|
| fixed length control field | 01813nam a2200433 a 4500 |
| 082 04 - DEWEY DECIMAL CLASSIFICATION NUMBER | |
| Classification number | 307.3/4160941 |
| 245 00 - TITLE STATEMENT | |
| Title | Securing an urban renaissance |
| 260 ## - PUBLICATION, DISTRIBUTION, ETC. (IMPRINT) | |
| Place of publication | Brisol, UK : |
| Name of publisher | Policy Press, |
| Year of publication | 2007. |
| 300 ## - PHYSICAL DESCRIPTION | |
| Number of Pages | x, 292 p. : |
| Other physical details | ill. |
| 500 ## - GENERAL NOTE | |
| General note | " ... based on a conference organised by the Department of Urban Studies, University of Glasgow, held in June 2005."--P. vi. |
| 650 #0 - SUBJECT ADDED ENTRY--TOPICAL TERM | |
| Topical Term | Community development, Urban |
| Topical Term | Urban policy |
| Topical Term | Urban renewal |
| Topical Term | Crime prevention |
| 700 1# - ADDED ENTRY--PERSONAL NAME | |
| Personal name | Atkinson, Rowland. |
| Personal name | Helms, Gesa. |
| 856 40 - ELECTRONIC LOCATION AND ACCESS | |
| Uniform Resource Identifier | http://site.ebrary.com/lib/rucke/Doc?id=10281224 |
No items available.
